000
00250nam a2200109Ia 4500
008
250327s9999 xx 000 0 und d
020
_a
9781633699106
082
_a
CQR
245
0
_a
HBRS 10 MUST READS ON LEADERSHIP,VOL.2
260
_b
PEN
942
_c
BK
999
_c
7239
_d
7239